All Sleep Token Songs - Statistics

General Stats
  • This quiz has been taken 43 times
  • The average score is 44 of 60
Answer Stats
Hint Answer % Correct
Take Me Back to Eden Take Me Back to Eden
94%
Take Me Back to Eden Rain
90%
Even in Arcadia Even in Arcadia
87%
Sundowning Blood Sport
84%
Sundowning (Deluxe) Blood Sport (From the Room Below)
84%
Take Me Back to Eden Chokehold
84%
Take Me Back to Eden Euclid
84%
Two Nazareth
84%
Take Me Back to Eden The Summoning
84%
Even in Arcadia Caramel
81%
Sundowning Gods
81%
Take Me Back to Eden Granite
81%
Other Hey Ya! (Cover: OutKast)
81%
Take Me Back to Eden Aqua Regia
77%
Even in Arcadia Dangerous
77%
Sundowning Dark Signs
77%
Even in Arcadia Gethsemane
77%
Sundowning Give
77%
This Place Will Become Your Tomb Hypnosis
77%
This Place Will Become Your Tomb Missing Limbs
77%
This Place Will Become Your Tomb Telomeres
77%
Take Me Back to Eden The Apparition
77%
Take Me Back to Eden Vore
77%
This Place Will Become Your Tomb Alkaline
74%
Take Me Back to Eden Are You Really Okay?
74%
Take Me Back to Eden Ascensionism
74%
Two Calcutta
74%
Even in Arcadia Damocles
74%
Even in Arcadia Infinite Baths
74%
Two Jericho
74%
Sundowning Levitate
74%
Even in Arcadia Look to Windward
74%
Sundowning Sugar
74%
Sundowning The Night Does Not Belong to God
74%
One Thread the Needle
74%
Even in Arcadia Emergence
71%
One Fields of Elation
71%
Sundowning Higher
71%
Other Jaws
71%
Even in Arcadia Past Self
71%
Even in Arcadia Provider
71%
Sundowning The Offering
71%
One When the Bough Breaks
71%
This Place Will Become Your Tomb Atlantic
68%
This Place Will Become Your Tomb High Water
68%
This Place Will Become Your Tomb Mine
68%
Take Me Back to Eden DYWTYLM
65%
This Place Will Become Your Tomb Fall for Me
65%
This Place Will Become Your Tomb Like That
65%
Sundowning Take Aim
65%
This Place Will Become Your Tomb The Love You Want
65%
Sundowning (Deluxe) When the Party's Over (Cover: Billie Eilish)
65%
This Place Will Become Your Tomb Descending
61%
This Place Will Become Your Tomb Distraction
61%
Sundowning (Deluxe) I Wanna Dance With Somebody (Cover: Whitney Houston)
61%
Sundowning Say That You Will
61%
Sundowning (Deluxe) Shelter (From the Room Below)
61%
Sundowning Drag Me Under
58%
Other Is It Really You?
58%
Other The Way That You Were
58%
No matching quizzes found
Score Distribution
Percent of People with Each Score
Percentile by Number Answered
Your Score History
You have not taken this quiz